|
|
|
|
| LEADER |
00640nam a2200217Ia 4500 |
| 008 |
240829s9999 xx 000 0 und d |
| 020 |
|
|
|a 99924-832-0-2
|
| 040 |
|
|
|a BIBLIOTECA-RUSB/ 972.85 H673
|
| 041 |
|
|
|a spa
|
| 082 |
|
|
|a 972.85 H673
|
| 100 |
1 |
|
|a Jilma Romero, Arechavala
|
| 245 |
1 |
0 |
|a Historia de Nicaragua. Texto básico
|
| 260 |
|
|
|a Managua
|b Ciencias Sociales
|c 2002
|
| 300 |
|
|
|a 435 p. il
|
| 650 |
7 |
|
|a HISTORIA DE NICARAGUA - ABORIGENES
|
| 650 |
7 |
|
|b HISTORIA NICARAGUA - 1520-1821
|
| 650 |
7 |
|
|c ESTADO NACIONAL - HISTORIA 1821-1909
|
| 650 |
7 |
|
|d HISTORIA - NICARAGUA 1910-1990
|
| 942 |
|
|
|c BK
|2 ddc
|
| 991 |
|
|
|a TEXTO
|
| 999 |
|
|
|c 5559
|